Walter Keane /

En este libro se presenta una selección de cuarenta y ocho pinturas y dibujos (publicados e inéditos) de Walter Keane (el que fuera esposo de la pintora Margaret Keane), que supuestamente realizó entre 1945 y 1963. El señor Keane demandó a su esposa por la autoría de sus obras, pero ella pintó en co...

Celý popis

Uloženo v:
Podrobná bibliografie
Hlavní autor: Keane, Walter (autor)
Další autoři: Camón Aznar, José (introducción) (introducción), Schneider, Eric (prefacio) (prefacio)
Médium: Kniha
Jazyk:angličtina
Vydáno: Redwood City, EUA : Johnson Meyer Publishing Company, 1964, c1964
Témata:
Tagy: Přidat tag
Žádné tagy, Buďte první, kdo vytvoří štítek k tomuto záznamu!

MARC

LEADER 00000nam^a2200000^a^4500
001 000184859
005 20250526000000.0
009 20260310102130.373
037 |a Acervo ITESO - Biblioteca 
041 |a ING 
082 |a 759. 13  |b KEA CAM 
100 |a Keane, Walter  |e (autor) 
245 1 0 |a Walter Keane /  |c W. Keane ; introd. de J. Camón Aznar ; pref. E. Schneider. 
264 4 |a Redwood City, EUA :  |b Johnson Meyer Publishing Company,  |c 1964, c1964 
300 |a [82 p.] ;  |c 32.5 cm. (gran formato) 
336 |a texto  |b txt  |2 rdacontenido 
337 |a sin mediación  |b n  |2 rdamedio 
338 |a volumen  |b nc  |2 rdasoporte 
520 |a En este libro se presenta una selección de cuarenta y ocho pinturas y dibujos (publicados e inéditos) de Walter Keane (el que fuera esposo de la pintora Margaret Keane), que supuestamente realizó entre 1945 y 1963. El señor Keane demandó a su esposa por la autoría de sus obras, pero ella pintó en corte ante un juez y un jurado federal, y ganó el juicio. Cuando el juez pidió a Walter Keane pintar, éste se negó, alegando tener un hombro adolorido. 
649 |a XX 
650 |a Pintores Norteamericanos 
650 |a Artistas Norteamericanos 
650 |a Pop Art -  |z EUA -  |x Historia y Crítica 
650 |a Pintura Norteamericana -  |x Historia y Crítica 
650 |a Pintura Norteamericana -  |y Siglo XX 
650 |a Arte Norteamericano -  |x Historia y Crítica 
650 |a Arte Norteamericano -  |y Siglo XX 
650 |a Keane, Walter -  |x Tema Principal 
700 |a Camón Aznar, José  |e (introducción) 
700 |a Schneider, Eric  |e (prefacio) 
910 |a Fondo Julio de la Peña Lomelín 
920 |a Impresos - Libros 
930 |a Libros Antiguos y Raros 
940 |a Arquitectos Jaliscienses 
905 |a 108 
901 |a 0500125798  |b IT2  |c LRA  |u 20250526 
902 |a https://opac.biblio.iteso.mx/vufind/Record/000184859